Introducción a la filosofía de las ciencias / (Record no. 148538)

MARC details
000 -LEADER
campo de control de longitud fija 00702nam a2200217 i 4500
001 - NÚMERO DE CONTROL
campo de control 148538
003 - IDENTIFICADOR DE NÚMERO DE CONTROL
campo de control ES-MaACL
005 - FECHA Y HORA DE LA ÚLTIMA TRANSACCIÓN
campo de control 20230906202705.0
007 - CAMPO FIJO DE DESCRIPCIÓN FÍSICA--INFORMACIÓN GENERAL
campo de control de longitud fija t|
008 - DATOS DE LONGITUD FIJA--INFORMACIÓN GENERAL
campo de control de longitud fija 070214s1963 sp |||| | spa d
100 1# - ENTRADA PRINCIPAL--NOMBRE DE PERSONA
Nombre de persona Strobl, Wolfgang.
9 (RLIN) 108442
245 10 - MENCIÓN DEL TÍTULO
Título Introducción a la filosofía de las ciencias /
Mención de responsabilidad, etc. Wolfgang Strobl.
260 ## - PUBLICACIÓN, DISTRIBUCIÓN, ETC.
Lugar de publicación, distribución, etc. Madrid :
Nombre del editor, distribuidor, etc. Revista "Estudios",
Fecha de publicación, distribución, etc. 1963 (
Fabricante Imp. Sáez)
300 ## - DESCRIPCIÓN FÍSICA
Extensión XXX, 238 p. ;
Dimensiones 22 cm.
490 1# - MENCIÓN DE SERIE
Mención de serie Publicaciones del Monasterio de Poyo ;
Designación de volumen o secuencia 10
650 ## - PUNTO DE ACCESO ADICIONAL DE MATERIA--TÉRMINO DE MATERIA
Término de materia o nombre geográfico como elemento de entrada Ciencia-
Subdivisión general Filosofía.
9 (RLIN) 10950
710 2# - ENTRADA AGREGADA--NOMBRE DE ENTIDAD CORPORATIVA
Nombre de entidad corporativa o nombre de jurisdicción como elemento de entrada Monasterio de Poyo.
9 (RLIN) 5740
830 0# - PUNTO DE ACCESO ADICIONAL DE SERIE-TÍTULO UNIFORME
Título uniforme Publicaciones del Monasterio de Poyo ;
Designación de volumen o secuencia 10
9 (RLIN) 185703
852 ## - LOCALIZACIÓN
Ubicación ES-MaACL
Número de control de estantería C-25904
Holdings
Estatus retirado Estado de pérdida Estado de daño No para préstamo Biblioteca de origen Biblioteca actual Ubicación en estantería Fecha de adquisición Fuente de adquisición Total de préstamos Signatura topográfica completa Código de barras Visto por última vez Precio de reemplazo Tipo de ítem Koha
        Biblioteca del Ateneo de Madrid Biblioteca del Ateneo de Madrid Depósito 2 17/01/2008     C-25904 1155011 23/02/2023 23/02/2023 Libro impreso